01356pam a2200373 a 4500001001000000003000400010005001700014008004100031010001500072020003200087020002900119020003200148020002900180020002300209040002600232082001900258245009500277260004800372300003400420500002400454504004100478505007000519590002800589650002100617650002600638650002400664650003400688653002400722655002400746700003600770942001900806999001700825952014000842005606564OSt20201128021156.0030827s2003 xxua frb 001 0 eng d a2003061933 a9781402074431 (set : cased) a1402074433 (set : cased) a9780387287065 (v. 2 : pbk.) a038728706X (v. 2 : pbk.) a0387287450 (ebook) aStDuBDSdUkdEG-ScBUE00a620.5222bNAN00aNanowires and nanobelts :bmaterials, properties, and devices /cedited by Zhong Lin Wang. aNew York, United States :bSpringer,c2003. a1 v. :bill. (col.) ;c25 cm. aIndex : p. 289-300. aIncludes bibliographical references.2 aContents : v. 2. Nanowires and nanobelts of functional materials. aLibrary contain : v. 2. 0aNanowires937125 0aMicrotechnology95977 0aNanotechnology9519 0aNanostructured materials9518 bENGCHEcJanuary2015 vreading book9342321 aWang, Zhong Lin937126eeditor. 2ddck620.5 NAN c18861d18833 00102ddc40708BaccahaMAINbMAINc1STd2015-01-13epurchaseg730.00h21291l0o620.5 NANp000037283r2025-07-15 00:00:00v913.00yBB